000 00679nam a22001937a 4500
003 NUST - PNEC
005 20170116181201.0
008 160217b xxu||||| |||| 00| 0 eng d
020 _a9781785150289
040 _cLIBRARY
082 _a813.54 LEE
100 _916433
_aLee, Harper
245 _aGo set a watchman
_cHarper Lee
260 _aLondon
_bWilliam Heinemann
_cc.2015
300 _a278 p. :
650 _916434
_aFathers and daughters
856 _uhttp://www.amazon.com/gp/product/1785150286/ref=s9_simh_bw_p14_d0_i1?pf_rd_m=ATVPDKIKX0DER&pf_rd_s=merchandised-search-3&pf_rd_r=0AXD5DJB9BDR6T5C8JMK&pf_rd_t=101&pf_rd_p=2394961222&pf_rd_i=283155
942 _2ddc
_cBK
999 _c71475
_d71475